Normal view
MARC view
- Sasieni, Maurice.W Ackoff, Russel.L
Entry Personal Name
001 - CONTROL NUMBER
- control field: 79973
003 - CONTROL NUMBER IDENTIFIER
- control field: NUST
005 - DATE AND TIME OF LATEST TRANSACTION
- control field: 20210628210550.0
008 - FIXED-LENGTH DATA ELEMENTS
- fixed length control field: 210628|| aca||aabn | a|a d
040 ## - CATALOGING SOURCE
- Original cataloging agency: NUST
- Transcribing agency: NUST
100 ## - HEADING--PERSONAL NAME
- Personal name: Sasieni, Maurice.W Ackoff, Russel.L
670 ## - SOURCE DATA FOUND
- Source citation: Work cat.: (NUST): Sasieni, Maurice.W Ackoff, Russel.L, Fundamentals of operations researc, 1968
